Mr. Bean's holiday Ο Mr. Bean πάει διακοπές

Ο κ. Μπιν στη νέα του... επικίνδυνη αποστολή! Σκοπός: μερικές μέρες χαλάρωσης. Προορισμός: Ριβιέρα, Νότια Γαλλία. Ο κ. Μπιν πάει διακοπές και... τίποτα δεν είναι πια το ίδιο. Αδέξιοι χειρισμοί, ξεκαρδιστικές παρεξηγήσεις, γκάφες και τρελές φάσεις είναι λίγα μόνο από τα απρόοπτα που κάνουν τις διακοπ...

Full description

Saved in:
Bibliographic Details
Other Authors: Bendelack, Steve (Director), Atkinson, Rowan (Actor)
Format: Slide
Language:English
Multiple
Published: [S.l.] : Universal Studios, c2007.
Subjects:
Tags: Add Tag
No Tags, Be the first to tag this record!

MARC

LEADER 00000cgm a2200000 i 4500
001 1/1859
008 091005s2007 xx ||| | || ||eng||
035 |l 10105760 
040 |a GR-MyUa  |b gre  |e AACR2 
041 0 |a eng  |j mul 
082 7 |a 791.437   |2 (22) 
245 0 0 |a Mr. Bean's holiday   |h [μαγνητοσκόπηση] =   |b Ο Mr. Bean πάει διακοπές /   |c directed by Steve Bendelack. 
246 1 |i Παράλληλος τίτλος:   |a Ο Mr. Bean πάει διακοπές  
260 |a [S.l.] :   |b Universal Studios,   |c c2007. 
300 |a 1 βιντεοδίσκος (86 λεπτ.) :   |b ομίλ., έγχρ. ;   |c 4 3/4 ίν. 
500 |a Κυκλοφόρησε πρώτη φορά ως κινηματογραφική ταινία το 2007. 
508 |a Μουσική, Howard Goodall ; μοντάζ, Tony Cranstoun ; σχεδιασμός παραγωγής, Michael Carlin ; διευθυντής φωτογραφίας, Baz Irvine ; εκτέλεση παραγωγής, Richard Curtis, Simon McBurney ; παραγωγή, Peter Bennett-Jones, Tim Bevan, Eric Fellner ; πλοκή, Simon McBurney ; σενάριο, Hamish McColl και Robin Driscoll. 
511 0 |a Rowan Atkinson, Emma De Caunes, Willem Dafoe. 
520 8 |a Ο κ. Μπιν στη νέα του... επικίνδυνη αποστολή! Σκοπός: μερικές μέρες χαλάρωσης. Προορισμός: Ριβιέρα, Νότια Γαλλία. Ο κ. Μπιν πάει διακοπές και... τίποτα δεν είναι πια το ίδιο. Αδέξιοι χειρισμοί, ξεκαρδιστικές παρεξηγήσεις, γκάφες και τρελές φάσεις είναι λίγα μόνο από τα απρόοπτα που κάνουν τις διακοπές του... εφιάλτη για όλους!" . - Περίληψη από τη θήκη. 
546 |a Στα αγγλικά με υπότιτλους στα ελληνικά. 
600 1 0 |a Bean,   |c Mr. (Fictitious character)  |v Drama. 
655 7 |a Feature films  |2 lcgft 
700 1 |a Bendelack, Steve,  |e drt 
700 1 |a Atkinson, Rowan,  |e act 
852 |a INST  |b SYROS  |c AV  |e 20091005  |h 791.437 BEN  |p 005500008172  |q 005500008172  |t DVD  |y 23 
901 |a BIBL5-2008-1 
922 |a 5ΕΛΗ  |b 200709  |c Βιβλιοθήκη Σύρου  |d Anaco 
970 |a Καγιαβά  |b Ειρήνη  |z 05/10/2009